| 000 | 00512nam a2200253Ia 4500 | ||
|---|---|---|---|
| 001 | 067718 | ||
| 003 | YMCAF | ||
| 005 | 20230512160445.0 | ||
| 008 | 100717s1977 ||||||||||||||||| ||und|d | ||
| 020 | _a- | ||
| 024 | _a67718 | ||
| 035 | _a7181 | ||
| 040 |
_aYMCAF _beng _cIN-KoLT |
||
| 041 | _aeng | ||
| 082 |
_a005.133 _bCOB WOR |
||
| 100 | _aWORTH, THOMAS | ||
| 245 | 0 | _aCOBOL FOR BEGINNERS | |
| 250 | _a- | ||
| 260 |
_bPHI _c1977 |
||
| 300 | _a369 | ||
| 653 | _a- | ||
| 653 | _a- | ||
| 942 |
_2ddc _cBK |
||
| 999 |
_c4652 _d4652 |
||